[Event "Reykjavik Open 2022"]
[Site "Reykjavik"]
[Date "2022.04.10"]
[Round "7.27"]
[White "Martin, Julian"]
[Black "Jaivardhan Raj"]
[Result "1-0"]
[WhiteElo "2388"]
[BlackElo "2006"]
[Annotator "TA"]
[PlyCount "111"]
[EventDate "2022.04.06"]
[EventCountry "ISL"]
[SourceTitle "playchess.com"]
[Source "ChessBase"]
[SourceQuality "1"]
[TimeControl "40/5400+30:1800+30"]

{[%evp 19,110,39,48,46,52,51,49,50,58,38,46,54,112,115,114,108,113,113,281,283,279,278,308,306,300,291,431,425,687,725,728,691,748,745,706,672,1041,1041,1041,1041,1027,1027,1016,996,978,941,1890,1890,1883,1883,29969,29969,29968,29969,29968,29967,29966,29967,29955,7735,29953,29952,29984,29985,29989,29987,29984,29985,29985,29986,29986,29987,29987,29988,29988,29989,29990,29991,29991,29992,29993,29994,29994,29995,29995,29996,29996,29997,29997,29998,29998,29999,29999]} 1. e4 {[%emt 0:05:49]} c5 {[%emt 0:00:03]} 2. Nf3 {[%emt 0:00:19]} Nc6 {[%emt 0:00:10]} 3. d4 {[%emt 0:00:31]} cxd4 {[%emt 0:00:06]} 4. Nxd4 {[%emt 0:00:05]} g6 {[%emt 0:00:16]} 5. c4 {[%emt 0:00:23]} Bg7 {[%emt 0:00:16]} 6. Be3 {[%emt 0:00:18]} Nf6 {[%emt 0:00:25]} 7. Nc3 {[%emt 0:00:08]} d6 {[%emt 0:00:14]} 8. Be2 {[%emt 0:00:15]} O-O {[%emt 0:00:23]} 9. O-O {[%emt 0:00:13]} Bd7 {[%emt 0:00:28]} 10. h3 {[%emt 0:00:36]} Rc8 {[%emt 0:02:58]} 11. Qd2 {[%emt 0:08:35] B38: Sicilian: Maroczy Bind with 5...Bg7 and 7...0-0.} Nxd4 {[%emt 0:03:30]} 12. Bxd4 {[%emt 0:02:30]} Bc6 {[%emt 0:01:06] [#]} 13. Rad1 $146 {[%emt 0:11:20] White is slightly better.} ({Predecessor:} 13. Qd3 a5 14. b3 Nd7 15. Bxg7 Kxg7 16. Qd4+ Kg8 17. Bg4 Rc7 18. Bxd7 Rxd7 19. f4 {½-½ (47) Schreiner,P (2479)-Kyc,J (2280) Krakow 2018}) 13... Qc7 {[%emt 0:03:00]} 14. b4 {[%emt 0:22:41][%cal Bb2b4,Bb4b5,Bb5c6,Bc6c7][%mdl 32]} Rfd8 {[%emt 0:06:47]} 15. b5 {[%emt 0:03:54]} e5 {[%emt 0:05:10]} 16. Bxa7 $16 {[%emt 0:02:10]} (16. bxc6 exd4 17. Nb5 (17. Qxd4 bxc6 18. Qd2 Rb8 $15) (17. cxb7 Qxb7 18. Qxd4 Nd7 $14) 17... Qxc6 $14) 16... b6 {[%emt 0:05:52]} 17. bxc6 {[%emt 0:01:41] [#] Hoping for Nb5.} Qxa7 {[%emt 0:01:04]} 18. Nb5 $36 {[%emt 0:00:14][%csl LRa7,LRd6][%mdl 2048] White is on the roll. &Bianco is more active.} Qa8 {[%emt 0:05:45]} (18... Qe7 $16) 19. c7 $18 {[%emt 0:01:00]} ({Avoid the trap} 19. Nxd6 $2 Rxc6 20. Bf3 Ne8 $19) 19... Rd7 {[%emt 0:00:20]} 20. Bg4 {[%emt 0:04:34]} Nxg4 {[%emt 0:01:10]} 21. hxg4 {[%emt 0:00:07]} Bf8 {[%emt 0:05:08]} 22. Qd5 {[%emt 0:03:00]} Kg7 {[%emt 0:04:46]} (22... Qa6 {was necessary.} 23. Rb1 (23. Qc6 Rcxc7 24. Nxc7 Qc8 $18) 23... Rdxc7) 23. a4 {[%emt 0:00:31]} Be7 {[%emt 0:01:09]} (23... Qxd5 $142 24. cxd5 Rdxc7 25. Nxc7 Rxc7) 24. Qxa8 {[%emt 0:00:55]} Rxa8 {[%emt 0:00:01]} 25. a5 {[%emt 0:00:42]} bxa5 {[%emt 0:01:24]} 26. c5 {[%emt 0:00:05]} Rc8 {[%emt 0:00:22]} 27. Rd5 {[%emt 0:01:55]} Rcxc7 {[%emt 0:01:01]} 28. Nxc7 {[%emt 0:00:13]} Rxc7 {[%emt 0:00:05]} 29. cxd6 {[%emt 0:00:05]} Bxd6 {[%emt 0:00:11]} 30. Rxd6 {[%emt 0:00:03]} Ra7 {[%emt 0:00:07]} 31. Ra1 {[%emt 0:00:09]} a4 {[%emt 0:00:05]} 32. Rd3 {[%emt 0:00:04]} h5 {[%emt 0:00:06]} 33. gxh5 {[%emt 0:00:04] [#] And now Rda3 would win.} gxh5 {[%emt 0:00:08]} 34. Rda3 {[%emt 0:00:03]} Rd7 {[%emt 0:00:06]} 35. Rxa4 {[%emt 0:00:05]} Rd2 {[%emt 0:00:09]} 36. R1a2 {[%emt 0:00:07]} Rd1+ {[%emt 0:00:06]} 37. Kh2 {[%emt 0:00:02]} Rd3 {[%emt 0:00:15]} 38. R2a3 {[%emt 0:00:12]} Rd2 {[%emt 0:00:07]} 39. Rg3+ {[%emt 0:00:03]} (39. Rf3 $142 Re2 40. Ra7 Rxe4 41. Raxf7+ Kg6 42. R3f6+ Kg5 43. Rf5+ Kh6 44. R7f6+ Kh7 45. Re6) 39... Kh7 {[%emt 0:00:17]} 40. Rf3 {[%emt 0:00:00] White mates.} Kg6 {[%emt 0:00:00]} 41. Ra6+ {[%emt 0:00:10]} f6 {[%emt 0:00:25]} 42. Rfxf6+ {[%emt 0:00:17]} Kg7 {[%emt 0:00:10]} 43. Rfd6 {[%emt 0:00:20]} Rxf2 {[%emt 0:00:14]} 44. Rd7+ {[%emt 0:00:02]} Rf7 {[%emt 0:00:12]} 45. Rxf7+ {[%emt 0:00:03]} Kxf7 {[%emt 0:00:08] KR-KPP} 46. Kh3 {[%emt 0:00:02]} Ke7 {[%emt 0:00:04]} 47. Kh4 {[%emt 0:00:03]} Kd7 {[%emt 0:00:05]} 48. Kxh5 {[%emt 0:00:05] KR-KP} Kc7 {[%emt 0:00:05]} 49. g4 {[%emt 0:00:04]} Kd7 {[%emt 0:00:29]} 50. g5 {[%emt 0:00:03]} Ke7 {[%emt 0:00:13]} 51. g6 {[%emt 0:00:05]} Kf8 {[%emt 0:00:07]} 52. Ra7 {[%emt 0:00:04]} Kg8 {[%emt 0:00:17]} 53. Kh6 {[%emt 0:00:06][%cal Ra7a8]} Kf8 {[%emt 0:00:08]} 54. Rb7 {[%emt 0:00:04]} Ke8 {[%emt 0:00:11]} 55. g7 {[%emt 0:00:03][%cal Rg7g8]} Kd8 {[%emt 0:00:06]} 56. g8=Q# {[%emt 0:00:03] Black got outplayed after the opening.  Weighted Error Value: White=0.03 (flawless) /Black=0.58} 1-0

[Event "Reykjavik Open 2022"]
[Site "Reykjavik"]
[Date "2022.04.10"]
[Round "7.28"]
[White "Marie, Maxime"]
[Black "Dishman, Stephen"]
[Result "1-0"]
[WhiteElo "2175"]
[BlackElo "2332"]
[Annotator "RC"]
[PlyCount "55"]
[EventDate "2022.04.06"]
[EventCountry "ISL"]
[SourceTitle "playchess.com"]
[Source "ChessBase"]
[SourceQuality "1"]
[TimeControl "40/5400+30:1800+30"]

1. c4 {[%emt 0:01:44]} c6 {[%emt 0:00:09]} 2. e4 {[%emt 0:02:23]} d5 {[%emt 0:00:10]} 3. exd5 {[%emt 0:00:05]} cxd5 {[%emt 0:00:06]} 4. d4 {[%emt 0:00:20]} Nf6 {[%emt 0:00:08]} 5. Nc3 {[%emt 0:00:27]} Nc6 {[%emt 0:00:08]} 6. Bg5 {[%emt 0:00:17]} dxc4 {[%emt 0:00:17]} 7. d5 {[%emt 0:01:17]} Ne5 {[%emt 0:00:14]} 8. Qd4 {[%emt 0:00:31]} h6 {[%emt 0:00:43]} 9. Bf4 {[%emt 0:02:27]} Ng6 {[%emt 0:00:20]} 10. Bxc4 {[%emt 0:02:19]} Nxf4 {[%emt 0:01:16]} 11. Qxf4 {[%emt 0:00:14]} g5 {[%emt 0:01:10]} 12. Qd2 {[%emt 0:04:17]} Bg7 {[%emt 0:01:04]} 13. h4 {[%emt 0:02:14]} g4 {[%emt 0:06:08]} 14. Nge2 {[%emt 0:02:51]} Bd7 {[%emt 0:01:06]} 15. a4 {[%emt 0:01:55]} Rc8 {[%emt 0:07:41]} 16. Ba2 {[%emt 0:03:40]} Bf5 {[%emt 0:06:06]} 17. O-O {[%emt 0:05:24]} O-O {[%emt 0:03:04]} 18. Rad1 {[%emt 0:05:00]} Qb6 {[%emt 0:13:28]} 19. Rfe1 {[%emt 0:07:25]} Ne4 {[%emt 0:15:45]} 20. Nxe4 {[%emt 0:03:47]} Bxe4 {[%emt 0:00:07]} 21. Nc3 {[%emt 0:01:21]} Bg6 {[%emt 0:01:32]} 22. Rxe7 {[%emt 0:02:18]} Bf6 {[%emt 0:03:04]} 23. Re2 {[%emt 0:19:12]} Bxh4 {[%emt 0:02:54]} 24. Qxh6 {[%emt 0:02:19]} Bxf2+ {[%emt 0:02:20]} 25. Kf1 {[%emt 0:01:53]} Rxc3 {[%emt 0:10:31]} 26. d6 {[%emt 0:04:32]} Bd3 {[%emt 0:05:26]} 27. Rxd3 {[%emt 0:00:41]} Rxd3 {[%emt 0:01:48]} 28. Bxf7+ {[%emt 0:00:55]} 1-0

[Event "Reykjavik Open 2022"]
[Site "Reykjavik"]
[Date "2022.04.10"]
[Round "7.29"]
[White "Mahajan, Rushaan"]
[Black "Brunello, Marina"]
[Result "1-0"]
[WhiteElo "2101"]
[BlackElo "2352"]
[Annotator "RC"]
[PlyCount "71"]
[EventDate "2022.04.06"]
[EventCountry "ISL"]
[SourceTitle "playchess.com"]
[Source "ChessBase"]
[SourceQuality "1"]
[TimeControl "40/5400+30:1800+30"]

1. Nf3 {[%emt 0:00:11]} d5 {[%emt 0:00:04]} 2. g3 {[%emt 0:00:06]} Nd7 {[%emt 0:00:04]} 3. d4 {[%emt 0:00:19]} Nb6 {[%emt 0:00:05]} 4. Bg2 {[%emt 0:01:40]} Nf6 {[%emt 0:00:20]} 5. O-O {[%emt 0:02:08]} Bf5 {[%emt 0:00:14]} 6. b3 {[%emt 0:00:47]} e6 {[%emt 0:01:42]} 7. c4 {[%emt 0:01:30]} c6 {[%emt 0:00:16]} 8. Nbd2 {[%emt 0:05:56]} Be7 {[%emt 0:03:06]} 9. Bb2 {[%emt 0:01:27]} Ne4 {[%emt 0:01:10]} 10. Rc1 {[%emt 0:02:42]} h5 {[%emt 0:04:20]} 11. Nxe4 {[%emt 0:08:16]} Bxe4 {[%emt 0:00:46]} 12. Nd2 {[%emt 0:00:52]} Bxg2 {[%emt 0:03:26]} 13. Kxg2 {[%emt 0:00:02]} h4 {[%emt 0:01:45]} 14. e4 {[%emt 0:09:52]} Bb4 {[%emt 0:05:48]} 15. Bc3 {[%emt 0:20:01]} Bxc3 {[%emt 0:20:40]} 16. Rxc3 {[%emt 0:00:01]} Qf6 {[%emt 0:00:22]} 17. e5 {[%emt 0:13:55]} Qf5 {[%emt 0:02:19]} 18. Qf3 {[%emt 0:04:21]} Qg5 {[%emt 0:07:26]} 19. Qf4 {[%emt 0:04:01]} h3+ {[%emt 0:06:02]} 20. Kf3 {[%emt 0:05:14]} Qg6 {[%emt 0:01:18]} 21. Ke2 {[%emt 0:00:11]} O-O {[%emt 0:11:50]} 22. c5 {[%emt 0:02:04]} Nd7 {[%emt 0:00:11]} 23. Qh4 {[%emt 0:04:44]} f6 {[%emt 0:04:36]} 24. exf6 {[%emt 0:00:12]} Nxf6 {[%emt 0:01:15]} 25. f4 {[%emt 0:01:04]} b6 {[%emt 0:01:55]} 26. Qxh3 {[%emt 0:01:39]} bxc5 {[%emt 0:00:07]} 27. Rxc5 {[%emt 0:00:14]} Rac8 {[%emt 0:03:29]} 28. Rfc1 {[%emt 0:00:10]} Ne4 {[%emt 0:00:48]} 29. Rxc6 {[%emt 0:00:32]} Rce8 {[%emt 0:00:11]} 30. Nf3 {[%emt 0:00:40]} Rf5 {[%emt 0:03:27]} 31. Rc8 {[%emt 0:04:21]} Rh5 {[%emt 0:02:15]} 32. Nh4 {[%emt 0:00:00]} Qf7 {[%emt 0:02:06]} 33. R1c7 {[%emt 0:00:00]} Qf8 {[%emt 0:00:17]} 34. Qg4 {[%emt 0:01:48]} Rxc8 {[%emt 0:00:22]} 35. Qxe6+ {[%emt 0:00:07]} Kh7 {[%emt 0:00:20]} 36. Rxc8 {[%emt 0:00:13]} 1-0

[Event "Reykjavik Open 2022"]
[Site "Reykjavik"]
[Date "2022.04.10"]
[Round "7.30"]
[White "Heimisson, Hilmir Freyr"]
[Black "Briem, Benedikt"]
[Result "1/2-1/2"]
[WhiteElo "2312"]
[BlackElo "2079"]
[Annotator "RC"]
[PlyCount "101"]
[EventDate "2022.04.06"]
[EventCountry "ISL"]
[SourceTitle "playchess.com"]
[Source "ChessBase"]
[SourceQuality "1"]
[TimeControl "40/5400+30:1800+30"]

1. c4 {[%emt 0:00:03]} c6 {[%emt 0:00:42]} 2. e4 {[%emt 0:00:51]} e5 {[%emt 0:03:42]} 3. d4 {[%emt 0:01:41]} d6 {[%emt 0:00:31]} 4. Nf3 {[%emt 0:00:21]} Bg4 {[%emt 0:01:59]} 5. Be2 {[%emt 0:03:09]} Nd7 {[%emt 0:01:32]} 6. Nc3 {[%emt 0:00:47]} Be7 {[%emt 0:04:24]} 7. O-O {[%emt 0:13:55]} Ngf6 {[%emt 0:03:27]} 8. Be3 {[%emt 0:00:40]} Qc7 {[%emt 0:02:30]} 9. Qd2 {[%emt 0:01:49]} h5 {[%emt 0:07:55]} 10. Rfd1 {[%emt 0:02:43]} Bxf3 {[%emt 0:03:36]} 11. Bxf3 {[%emt 0:00:07]} Ng4 {[%emt 0:00:13]} 12. Bxg4 {[%emt 0:07:29]} hxg4 {[%emt 0:00:30]} 13. Qe2 {[%emt 0:02:35]} Nf6 {[%emt 0:03:13]} 14. dxe5 {[%emt 0:01:45]} dxe5 {[%emt 0:00:20]} 15. Bg5 {[%emt 0:00:09]} Qc8 {[%emt 0:05:27]} 16. Bxf6 {[%emt 0:02:46]} Bxf6 {[%emt 0:01:30]} 17. Rd3 {[%emt 0:00:24]} Qe6 {[%emt 0:05:38]} 18. Rad1 {[%emt 0:00:35]} Rd8 {[%emt 0:13:01]} 19. b3 {[%emt 0:05:15]} Rxd3 {[%emt 0:07:37]} 20. Rxd3 {[%emt 0:07:10]} Bd8 {[%emt 0:18:30]} 21. Qd1 {[%emt 0:04:55]} Bb6 {[%emt 0:05:53]} 22. c5 {[%emt 0:05:31]} Bc7 {[%emt 0:00:04]} 23. Ne2 {[%emt 0:00:30]} Ke7 {[%emt 0:01:30]} 24. Ng3 {[%emt 0:07:45]} g6 {[%emt 0:01:07]} 25. Nf1 {[%emt 0:01:24]} Rd8 {[%emt 0:03:29]} 26. Rxd8 {[%emt 0:01:10]} Bxd8 {[%emt 0:00:06]} 27. Ne3 {[%emt 0:00:29]} Ba5 {[%emt 0:02:33]} 28. Nxg4 {[%emt 0:13:35]} Bb4 {[%emt 0:00:56]} 29. h3 {[%emt 0:00:47]} Bxc5 {[%emt 0:01:10]} 30. Qc1 {[%emt 0:00:27]} Bd4 {[%emt 0:01:02]} 31. Qh6 {[%emt 0:02:23]} b5 {[%emt 0:01:11]} 32. Qh8 {[%emt 0:00:35]} f5 {[%emt 0:00:33]} 33. exf5 {[%emt 0:01:52]} gxf5 {[%emt 0:00:17]} 34. Nh6 {[%emt 0:00:07]} f4 {[%emt 0:00:48]} 35. Qg7+ {[%emt 0:02:25]} Kd6 {[%emt 0:00:26]} 36. Nf7+ {[%emt 0:01:19]} Kd5 {[%emt 0:00:28]} 37. Nd8 {[%emt 0:03:01]} Qf5 {[%emt 0:00:35]} 38. Qg8+ {[%emt 0:02:14]} Kc5 {[%emt 0:00:27]} 39. b4+ {[%emt 0:02:43]} Kxb4 {[%emt 0:00:36]} 40. Nxc6+ {[%emt 0:00:00]} Kc5 {[%emt 0:00:00]} 41. Ne7 {[%emt 0:19:21]} Qd7 {[%emt 0:14:02]} 42. Qh7 {[%emt 0:01:41]} Qe6 {[%emt 0:04:33]} 43. a3 {[%emt 0:03:19]} Qa2 {[%emt 0:01:54]} 44. Qh4 {[%emt 0:01:19]} Qa1+ {[%emt 0:04:11]} 45. Kh2 {[%emt 0:00:10]} Qe1 {[%emt 0:01:26]} 46. Nf5 {[%emt 0:05:15]} Qxf2 {[%emt 0:02:13]} 47. Qe7+ {[%emt 0:00:10]} Kb6 {[%emt 0:03:27]} 48. Qd6+ {[%emt 0:04:47]} Ka5 {[%emt 0:01:20]} 49. Qb4+ {[%emt 0:00:33]} Ka6 {[%emt 0:00:08]} 50. Nxd4 {[%emt 0:00:46]} exd4 {[%emt 0:00:58]} 51. Qd6+ {[%emt 0:00:32]} 1/2-1/2

[Event "Reykjavik Open 2022"]
[Site "Reykjavik"]
[Date "2022.04.10"]
[Round "7.31"]
[White "Dougherty, Michael"]
[Black "Lim, Zhuo Ren"]
[Result "1-0"]
[WhiteElo "2066"]
[BlackElo "2317"]
[Annotator "RC"]
[PlyCount "73"]
[EventDate "2022.04.06"]
[EventCountry "ISL"]
[SourceTitle "playchess.com"]
[Source "ChessBase"]
[SourceQuality "1"]
[TimeControl "40/5400+30:1800+30"]

1. d4 {[%emt 0:00:06]} d5 {[%emt 0:00:19]} 2. Nf3 {[%emt 0:00:39]} Nf6 {[%emt 0:00:14]} 3. c4 {[%emt 0:00:42]} e6 {[%emt 0:00:21]} 4. Nc3 {[%emt 0:01:02]} c6 {[%emt 0:01:10]} 5. Bg5 {[%emt 0:01:30]} dxc4 {[%emt 0:00:53]} 6. a4 {[%emt 0:02:03]} Bb4 {[%emt 0:05:10]} 7. e4 {[%emt 0:01:13]} b5 {[%emt 0:00:27]} 8. e5 {[%emt 0:02:38]} h6 {[%emt 0:00:07]} 9. exf6 {[%emt 0:01:58]} hxg5 {[%emt 0:00:10]} 10. fxg7 {[%emt 0:00:05]} Rg8 {[%emt 0:00:15]} 11. Ne5 {[%emt 0:08:04]} Rxg7 {[%emt 0:06:35]} 12. Be2 {[%emt 0:23:54]} Bb7 {[%emt 0:02:58]} 13. Bf3 {[%emt 0:01:03]} f6 {[%emt 0:08:22]} 14. Bh5+ {[%emt 0:05:40]} Ke7 {[%emt 0:13:31]} 15. Ng6+ {[%emt 0:02:27]} Kd7 {[%emt 0:02:09]} 16. Qf3 {[%emt 0:03:31]} Kc7 {[%emt 0:02:04]} 17. O-O-O {[%emt 0:03:11]} Bxc3 {[%emt 0:01:11]} 18. bxc3 {[%emt 0:03:06]} Rh7 {[%emt 0:10:36]} 19. h4 {[%emt 0:03:57]} Qd6 {[%emt 0:02:59]} 20. hxg5 {[%emt 0:05:05]} fxg5 {[%emt 0:01:22]} 21. Nf8 {[%emt 0:06:32]} Rh8 {[%emt 0:09:29]} 22. Qf7+ {[%emt 0:04:19]} Nd7 {[%emt 0:00:42]} 23. Nxe6+ {[%emt 0:01:49]} Kb6 {[%emt 0:00:04]} 24. Kc2 {[%emt 0:09:45]} Raf8 {[%emt 0:06:00]} 25. Nxf8 {[%emt 0:04:34]} Rxf8 {[%emt 0:00:01]} 26. Qg6 {[%emt 0:00:46]} Qa3 {[%emt 0:03:01]} 27. Bf3 {[%emt 0:00:29]} Rf6 {[%emt 0:12:18]} 28. Qe4 {[%emt 0:02:04]} Rf4 {[%emt 0:01:40]} 29. Qe3 {[%emt 0:01:40]} Qxa4+ {[%emt 0:01:44]} 30. Kd2 {[%emt 0:00:12]} Qa2+ {[%emt 0:00:08]} 31. Ke1 {[%emt 0:00:10]} Rf6 {[%emt 0:02:07]} 32. Rh7 {[%emt 0:00:49]} Nf8 {[%emt 0:00:44]} 33. Rxb7+ {[%emt 0:00:10]} Kxb7 {[%emt 0:00:00]} 34. Qe7+ {[%emt 0:00:08]} Nd7 {[%emt 0:00:02]} 35. Qxd7+ {[%emt 0:00:07]} Ka6 {[%emt 0:00:06]} 36. Qc8+ {[%emt 0:00:09]} Ka5 {[%emt 0:00:02]} 37. Qd8+ {[%emt 0:00:07]} 1-0

[Event "Reykjavik Open 2022"]
[Site "Reykjavik"]
[Date "2022.04.10"]
[Round "7.45"]
[White "Galow, Michael"]
[Black "Karason, Askell O"]
[Result "1-0"]
[WhiteElo "1740"]
[BlackElo "2186"]
[Annotator "RC"]
[PlyCount "165"]
[EventDate "2022.04.06"]
[EventCountry "ISL"]
[SourceTitle "playchess.com"]
[Source "ChessBase"]
[SourceQuality "1"]

1. d4 Nf6 2. Bf4 d5 3. e3 c5 4. Nf3 Nc6 5. Nbd2 e6 6. c3 Bd6 7. Bg3 O-O 8. Bd3 b6 9. e4 dxe4 10. Nxe4 Be7 11. Nxf6+ Bxf6 12. Be4 Bb7 13. Qa4 cxd4 14. Bxc6 Bxc6 15. Qxc6 dxc3 16. O-O cxb2 17. Rab1 Qd3 18. Qd6 Qc4 19. Qa3 Qc5 20. Qxc5 bxc5 21. Be5 Rab8 22. Bxb8 Rxb8 23. Nd2 Rb4 24. a3 Ra4 25. Rfd1 h5 26. Nf1 Rxa3 27. Ne3 Ra4 28. Kf1 a5 29. Ke2 Rb4 30. Rd7 c4 31. Ra7 Ra4 32. Kd2 c3+ 33. Kc2 Rd4 34. Rd1 Rf4 35. Rf1 a4 36. g3 Rd4 37. Kb1 h4 38. Rd1 Re4 39. Kc2 Rb4 40. Kb1 Re4 41. Rd3 h3 42. Rc7 Bd4 43. Rcxc3 Bxc3 44. Rxc3 f5 45. Rc4 Re5 46. Kxb2 Rb5+ 47. Kc2 a3 48. Nd1 Ra5 49. Kb1 Rd5 50. Ne3 Rd2 51. Rc2 Rd3 52. Ka2 g5 53. Nc4 g4 54. Rc1 Kg7 55. Rf1 Kf6 56. Nxa3 e5 57. Kb2 f4 58. Nc4 Kf5 59. Kc2 Rf3 60. Nd6+ Ke6 61. Ne4 Ra3 62. Nc3 Kf5 63. Rd1 Ra8 64. Kd2 Rc8 65. Rb1 Rc4 66. Nd1 Ke4 67. Rb3 Rc5 68. f3+ gxf3 69. Nf2+ Kf5 70. gxf4 e4 71. Nxh3 Ra5 72. Ke3 Ra2 73. Rb5+ Kf6 74. Kxe4 Rxh2 75. Rb6+ Kg7 76. Ng5 f2 77. Rb1 Rg2 78. Rf1 Kf6 79. Kf3 Rh2 80. Rxf2 Rh1 81. Ne4+ Ke6 82. Kg4 Rg1+ 83. Ng3 1-0

[Event "Reykjavik Open 2022"]
[Site "Reykjavik"]
[Date "2022.04.12"]
[Round "9.2"]
[White "Gukesh D"]
[Black "Praggnanandhaa R"]
[Result "0-1"]
[WhiteElo "2614"]
[BlackElo "2612"]
[Annotator "TA"]
[PlyCount "74"]
[EventDate "2022.04.06"]
[EventCountry "ISL"]
[SourceTitle "playchess.com"]
[Source "ChessBase"]
[SourceQuality "1"]

1. d4 Nf6 2. c4 e6 3. Nc3 Bb4 4. e3 O-O 5. Bd3 d5 6. cxd5 exd5 7. a3 Bd6 8. Qc2 b6 9. b4 c5 10. bxc5 bxc5 11. dxc5 Bxc5 12. Nf3 Re8 13. O-O Bg4 14. Rd1 Bxf3 15. gxf3 Bd6 16. Bb2 Be5 17. Bb5 Nbd7 18. Nxd5 Bxb2 19. Qxb2 Re5 20. Bxd7 Rxd5 21. Rxd5 Nxd5 22. Bh3 Nb6 23. Qe5 Qd2 24. f4 Qe2 25. Rc1 Qd3 26. Qc3 Rd8 27. Qc7 h6 28. Qxa7 Nd5 29. Bf1 Qg6+ 30. Bg2 Nc3 31. Rf1 Qd3 32. a4 Rd6 33. a5 Rg6 34. Kh1 Kh7 35. Qd4 Qf5 36. Qe5 Qg4 37. Rg1 Nd1 0-1

[Event "Reykjavik Open 2022"]
[Site "Reykjavik"]
[Date "2022.04.12"]
[Round "9.45"]
[White "Vemparala, Nikash"]
[Black "Karason, Askell O"]
[Result "1/2-1/2"]
[WhiteElo "1998"]
[BlackElo "2186"]
[Annotator "TA"]
[PlyCount "141"]
[EventDate "2022.04.06"]
[EventCountry "ISL"]
[SourceTitle "playchess.com"]
[Source "ChessBase"]
[SourceQuality "1"]

1. e4 c5 2. Nf3 Nc6 3. Bb5 d6 4. O-O Bd7 5. Re1 a6 6. Bxc6 Bxc6 7. d4 cxd4 8. Nxd4 e6 9. Nxc6 bxc6 10. c4 Be7 11. Nc3 Nf6 12. Be3 O-O 13. f3 Nd7 14. Qd2 Qc7 15. Red1 Rfd8 16. Qf2 c5 17. Rac1 Ne5 18. b3 Bf6 19. Rd2 Nc6 20. Ne2 a5 21. Nc3 Bxc3 22. Rxc3 e5 23. f4 Nd4 24. Bxd4 exd4 25. Rh3 Qe7 26. Re2 a4 27. g4 axb3 28. axb3 Ra1+ 29. Kg2 Rb1 30. g5 Rb8 31. Qh4 h6 32. Qg4 R1xb3 33. Rxh6 d3 34. Re3 d2 35. Rxb3 Qxe4+ 36. Kf2 d1=N+ 37. Qxd1 Qxf4+ 38. Qf3 Qd2+ 39. Qe2 Qxe2+ 40. Kxe2 Rxb3 41. Rxd6 Rc3 42. Rc6 Rxc4 43. Kd3 Rc1 44. Kd2 Rh1 45. Rxc5 Rxh2+ 46. Ke3 Rh4 47. g6 fxg6 48. Kf3 Kh7 49. Kg3 Ra4 50. Rb5 Kh6 51. Rb6 Kh5 52. Rb7 Ra3+ 53. Kg2 Kh6 54. Rb6 Re3 55. Kf2 Re5 56. Kg3 Kg5 57. Rb7 Kf6 58. Kg4 Re4+ 59. Kf3 Re7 60. Rb6+ Re6 61. Rb8 g5 62. Rf8+ Kg6 63. Kg4 Rf6 64. Ra8 Rf4+ 65. Kg3 Rb4 66. Ra7 Re4 67. Ra6+ Kf5 68. Ra5+ Re5 69. Rxe5+ Kxe5 70. Kg4 Kf6 71. Kh5 1/2-1/2